| 000 | 01078cam a2200301 a 4500 | ||
|---|---|---|---|
| 001 | 202872 | ||
| 003 | OSt | ||
| 005 | 20140317164240.0 | ||
| 008 | 990408s1999 inua 001 0 eng | ||
| 010 | _a 99062553 | ||
| 020 | _a0789721139 | ||
| 040 |
_aDLC _cDLC _dDLC |
||
| 050 | 0 | 0 |
_aHD69.T54 _bK553 1999 |
| 082 | 0 | 0 |
_a005.369 _221 |
| 100 | 1 |
_aKinkoph, Sherry. _926047 |
|
| 245 | 1 | 0 |
_aMicrosoft Outlook 2000 quick reference / _cSherry Kinkoph. |
| 246 | 3 | 0 | _aOutlook 2000 quick reference |
| 260 |
_aIndianapolis, Ind. : _bQue, _cc1999. |
||
| 300 |
_av, 169 p. : _bill. ; _c22 cm. |
||
| 500 | _aIncludes index. | ||
| 630 | 0 | 0 |
_aMicrosoft Outlook. _926048 |
| 650 | 0 |
_aTime management _xComputer programs. _926049 |
|
| 650 | 0 |
_aPersonal information management _xComputer programs. _926050 |
|
| 650 | 0 |
_aElectronic mail systems. _926051 |
|
| 906 |
_a7 _bcbc _corignew _d2 _eopcn _f19 _gy-gencatlg |
||
| 942 |
_2lcc _cBK |
||
| 999 |
_c58836 _d58810 |
||